00320pab a2200133 454500008004000000100001600040245004800056260000900104300001100113362001200124650002000136650001900156773001100175180718b2003 xxu||||| |||| 00| 0 eng d aShahi, R.V. aPower sector reform: key to economic growth c2003 ap.1-8. aJan-Jun aEconomic growth aPower industry aVision